strzelcy bramek dla Polski el MŚ 2018 - Statystyki

Ogólne statystyki
  • Ten quiz został rozwiązany 256 razy
  • Średni wynik to 6 z 9
Statystyki odpowiedzi
gole piłkarz % Poprawnych
16 Lewandowski
100%
1 Milik
93%
1 Glik
89%
3 Grosicki
89%
1 Błaszczykowski
85%
1 Piszczek
72%
1 Mączyński
46%
1 Kapustka
36%
1 Wolski
20%
Nie znaleziono quizów pasujących do podanych kryteriów
Rozkład punktacji
Procent ludzi z każdym wynikiem
Percentyl według liczby udzielonych odpowiedzi
Twoja historia wyników
Nie rozwiązałeś tego quizu